| 000 | 00417pab a2200169 454500 | ||
|---|---|---|---|
| 008 | 180718b2011 xxu||||| |||| 00| 0 eng d | ||
| 100 | _aKundu, Debolina | ||
| 245 | _aIdentifying reforms to ease doing business in Indian cities | ||
| 260 | _c2011 | ||
| 300 | _ap.34-60. | ||
| 362 | _aJan-Jun | ||
| 650 | _aEnterprises - India | ||
| 650 | _aEnterprises | ||
| 773 | _aUrban India | ||
| 908 | _aN | ||
| 909 | _a92572 | ||
| 999 |
_c92572 _d92572 |
||